Loading...
| Current Events | 2 | 15.00 | 100% | 50% | 0% |
| Fine Arts - Classical Music | 5 | 14.00 | 100% | 40% | 0% |
| Fine Arts - Other | 7 | 10.00 | 71% | 29% | 0% |
| Fine Arts - Painting and Sculpture | 6 | 8.33 | 83% | 0% | 0% |
| History - American | 7 | 18.57 | 100% | 71% | 14% |
| History - European | 2 | 25.00 | 100% | 100% | 50% |
| History - Other | 7 | 18.57 | 100% | 71% | 14% |
| History - World | 7 | 14.29 | 86% | 57% | 0% |
| Literature - American | 4 | 20.00 | 100% | 75% | 25% |
| Literature - British | 5 | 10.00 | 100% | 0% | 0% |
| Literature - European | 5 | 14.00 | 100% | 40% | 0% |
| Literature - World | 6 | 16.67 | 100% | 67% | 0% |
| Mythology | 4 | 10.00 | 100% | 0% | 0% |
| Other Academic | 1 | 10.00 | 100% | 0% | 0% |
| Philosophy | 5 | 14.00 | 80% | 60% | 0% |
| Religion | 5 | 16.00 | 100% | 40% | 20% |
| Science - Biology | 5 | 24.00 | 100% | 80% | 60% |
| Science - Chemistry | 5 | 12.00 | 100% | 20% | 0% |
| Science - Other | 3 | 10.00 | 100% | 0% | 0% |
| Science - Physics | 5 | 14.00 | 100% | 40% | 0% |
| Social Science | 5 | 10.00 | 100% | 0% | 0% |